Rupaul's Drag Race S16 • SUDDEN DEATH - Statistics

General Stats
  • This quiz has been taken 224 times
  • The average score is 12 of 14
Answers on the Grid
Answers color-coded by a green-red scale on the quiz's grid according to % correct below.
Amanda Tori Meating
Dawn
Geneva Karr
Hershii LiqCour-Jeté
Megami
Mhi'ya Iman Le'Paige
Mirage
Morphine Love Dion
Nymphia Wind
Plane Jane
Plasma
Q
Sapphira Cristál
Xunami Muse
Crystal Envy
Lana Ja'Rae
Aura Mayari
Marcia Marcia Marcia
Daya Betty
Gottmik
Gigi Goode
Silky Nutmeg Ganache
Ariel Versace
Kori King
Dahlia Sin
BeBe Zahara Benet
Ongina
Ben De La Creme
Bianca Del Rio
Amadiva
Actavia
Jaylene Tyme
Lucina Innocence
Sara Forever
Marina Summers
 
Answer Stats
Answer % Correct
Nymphia Wind
92%
Plane Jane
92%
Megami
91%
Amanda Tori Meating
90%
Q
90%
Dawn
89%
Plasma
89%
Sapphira Cristál
89%
Mirage
88%
Hershii LiqCour-Jeté
87%
Mhi'ya Iman Le'Paige
87%
Xunami Muse
87%
Geneva Karr
86%
Morphine Love Dion
85%
No matching quizzes found
Score Distribution
Percent of People with Each Score
Percentile by Number Answered
Your Score History
You have not taken this quiz